| 000 | 00582nam a22002055i 4500 | ||
|---|---|---|---|
| 001 | 170554 | ||
| 003 | ES-MaACL | ||
| 005 | 20250315062558.0 | ||
| 008 | 090316s2009 sp |||| | spa d | ||
| 020 | _a978-84-321-3717-4 | ||
| 080 | _a821.134.2-14"19" | ||
| 100 | 1 |
_aGuillén Acosta, Carmelo. _960777 |
|
| 245 | 1 | 3 |
_aLa vida es lo secreto / _cCarmelo Guillén Acosta. |
| 260 |
_aMadrid : _bRialp, _c[2009] |
||
| 300 |
_a64 p. ; _c17 cm. |
||
| 490 | 1 |
_aAdonais ; _v609 |
|
| 830 | 0 | 0 |
_aAdonáis _v609 _9173743 |
| 852 |
_aES-MaACL _jJ-23-609 _9R.144652 |
||
| 999 |
_c170554 _d170554 |
||